Geografía de plantas y animales / (Record no. 111894)

MARC details
000 -LEADER
campo de control de longitud fija 00595nam a2200181 4500
001 - NÚMERO DE CONTROL
campo de control 111894
003 - IDENTIFICADOR DE NÚMERO DE CONTROL
campo de control ES-MaACL
005 - FECHA Y HORA DE LA ÚLTIMA TRANSACCIÓN
campo de control 20230906185400.0
007 - CAMPO FIJO DE DESCRIPCIÓN FÍSICA--INFORMACIÓN GENERAL
campo de control de longitud fija t|
008 - DATOS DE LONGITUD FIJA--INFORMACIÓN GENERAL
campo de control de longitud fija 061121s1949 mx r ||||1| spa d
100 1# - ENTRADA PRINCIPAL--NOMBRE DE PERSONA
Nombre de persona Newbigin, Marion I.
9 (RLIN) 85477
245 10 - MENCIÓN DEL TÍTULO
Título Geografía de plantas y animales /
Mención de responsabilidad, etc. Marion I. Newbigin; versión española de M. Maldonado Koerdell.
250 ## - MENCION DE EDICION
Mención de edición 1ª ed. en español.
260 ## - PUBLICACIÓN, DISTRIBUCIÓN, ETC.
Lugar de publicación, distribución, etc. México [etc.] :
Nombre del editor, distribuidor, etc. Fondo de Cultura Económica,
Fecha de publicación, distribución, etc. 1949.
300 ## - DESCRIPCIÓN FÍSICA
Extensión 337 p. :
Otras características físicas il. ;
Dimensiones 21 cm.
700 1# - ENTRADA AGREGADA--NOMBRE PERSONAL
Nombre de persona Maldonado Koerdell, M.
9 (RLIN) 75731
852 ## - LOCALIZACIÓN
Ubicación ES-MaACL
Número de control de estantería D-5360
Sublocalización o colección R.30913
Holdings
Estatus retirado Estado de pérdida Estado de daño No para préstamo Biblioteca de origen Biblioteca actual Ubicación en estantería Fecha de adquisición Fuente de adquisición Total de préstamos Signatura topográfica completa Código de barras Visto por última vez Precio de reemplazo Tipo de ítem Koha
        Biblioteca del Ateneo de Madrid Biblioteca del Ateneo de Madrid Sala Valle Inclán 17/01/2008     D-5360 901116721 23/02/2023 23/02/2023 Libro impreso